[Event "36th Capablanca Memorial"]
[Site "Havana CUB"]
[Date "2001.05.06"]
[Round "2"]
[White "Luther, Thomas"]
[Black "Abreu, Aryam"]
[Result "1-0"]
[WhiteElo "2568"]
[BlackElo "2480"]
[EventDate "2001.05.05"]
[PlyCount "93"]

1.e4 c5 2.Nf3 d6 3.d4 cxd4 4.Nxd4 Nf6 5.Nc3 a6 6.Bg5 e6 7.f4 Nc6 8.e5 h6 
9.Bh4 g5 10.fxg5 Nd5 11.Nxd5 exd5 12.exd6 Qxd6 13.Qe2+ Be7 14.Nxc6 bxc6 
15.Bg3 Qg6 16.Qe5 Rg8 17.gxh6 Qxh6 18.Bf4 Qe6 19.Qxe6 Bxe6 20.g3 a5 21.Bg2
a4 22.O-O Kd7 23.Rad1 Bc5+ 24.Kh1 Rh8 25.h4 Bd6 26.c4 Bxf4 27.Rxf4 Kd6 28.
a3 Rhb8 29.Rd2 Rb3 30.Kh2 Rab8 31.cxd5 cxd5 32.Rxa4 Rxb2 33.Rxb2 Rxb2 34.
g4 Ke5 35.Kg3 d4 36.Ra5+ Kd6 37.Ra4 Ke5 38.Bf3 Rb3 39.Ra5+ Kd6 40.Kf4 d3 
41.Ra4 Kc5 42.Ra8 Kd6 43.Bd1 Rc3 44.Ke3 Bd5 45.Kd2 Rc4 46.Rd8+ Ke5 47.
Rxd5+ 1-0

[Event "36th Capablanca Memorial"]
[Site "Havana CUB"]
[Date "2001.05.08"]
[Round "4"]
[White "Abreu, Aryam"]
[Black "Hauchard, Arnaud"]
[Result "1/2-1/2"]
[WhiteElo "2480"]
[BlackElo "2526"]
[EventDate "2001.05.05"]
[PlyCount "38"]

1.e4 e5 2.Nf3 Nc6 3.Bb5 a6 4.Ba4 Nf6 5.O-O Be7 6.Re1 b5 7.Bb3 d6 8.c3 O-O 
9.h3 Na5 10.Bc2 c5 11.d4 Qc7 12.Nbd2 cxd4 13.cxd4 Rd8 14.d5 Bd7 15.Nf1 
Rdc8 16.Bd3 Nb7 17.b4 a5 18.Bd2 axb4 19.Bxb4 Nc5 1/2-1/2

[Event "36th Capablanca Memorial"]
[Site "Havana CUB"]
[Date "2001.05.08"]
[Round "4"]
[White "Nataf, Igor-Alexandre"]
[Black "Arencibia Rodriguez, Walter"]
[Result "0-1"]
[WhiteElo "2552"]
[BlackElo "2543"]
[EventDate "2001.05.05"]
[PlyCount "80"]

1.e4 Nf6 2.e5 Nd5 3.d4 d6 4.Nf3 c6 5.c4 Nc7 6.Nc3 dxe5 7.Nxe5 Nd7 8.Nf3 g6
9.Be2 Bg7 10.O-O O-O 11.Be3 b6 12.Qd2 Bb7 13.Rad1 Qe8 14.Rfe1 Rd8 15.Bh6 
Nf6 16.Bxg7 Kxg7 17.Qe3 Qd7 18.Ne5 Qd6 19.Bf3 Ne6 20.Nxc6 Bxc6 21.d5 Qb4 
22.dxc6 Qxc4 23.b3 Qb4 24.Nd5 Nxd5 25.Bxd5 Rd6 26.Qe5+ Kg8 27.Qa1 Rc8 28.
a3 Qb5 29.Bxe6 Rxe6 30.Rxe6 fxe6 31.c7 Rxc7 32.Rd8+ Kf7 33.h3 Qc5 34.Rd1 
Qc3 35.Qb1 Qc2 36.Qa1 Qxb3 37.Qd4 Rc5 38.Rd3 e5 39.Qd7 Rc3 40.Rd1 a5 0-1

[Event "36th Capablanca Memorial"]
[Site "Havana CUB"]
[Date "2001.05.10"]
[Round "5"]
[White "Stefansson, Hannes Hlifar"]
[Black "Luther, Thomas"]
[Result "1/2-1/2"]
[WhiteElo "2570"]
[BlackElo "2568"]
[EventDate "2001.05.05"]
[PlyCount "41"]

1.d4 d5 2.c4 c6 3.Nf3 Nf6 4.Nc3 a6 5.c5 Bf5 6.Bf4 Nbd7 7.h3 e6 8.e3 Be7 9.
Be2 O-O 10.O-O Bg6 11.b4 Ne4 12.Nxe4 Bxe4 13.a4 Re8 14.Qb3 Bf6 15.Qc3 Bxf3
16.Bxf3 e5 17.Bh2 Qe7 18.Rae1 g6 19.Bg4 h5 20.Bd1 Qf8 21.Bc2 1/2-1/2

[Event "36th Capablanca Memorial"]
[Site "Havana CUB"]
[Date "2001.05.11"]
[Round "6"]
[White "Abreu, Aryam"]
[Black "Stefansson, Hannes Hlifar"]
[Result "1-0"]
[WhiteElo "2480"]
[BlackElo "2570"]
[EventDate "2001.05.05"]
[PlyCount "61"]

1.e4 c5 2.Nf3 Nc6 3.d4 cxd4 4.Nxd4 Nf6 5.Nc3 d6 6.Bc4 Qb6 7.Nb3 e6 8.Bd3 
Be7 9.Be3 Qc7 10.f4 a6 11.Qf3 b5 12.O-O-O Bb7 13.Kb1 Nb4 14.Nd4 O-O 15.g4 
Rfc8 16.g5 Nd7 17.h4 Qa5 18.Nb3 Qd8 19.h5 d5 20.e5 Nxd3 21.Rxd3 a5 22.g6 
fxg6 23.hxg6 hxg6 24.Nd4 Nf8 25.Ncxb5 a4 26.Rd2 Ba6 27.Qh3 Bxb5 28.Nxb5 
Rab8 29.Nd6 Bxd6 30.exd6 Rc3 31.Qh8+ 1-0

[Event "36th Capablanca Memorial"]
[Site "Havana CUB"]
[Date "2001.05.11"]
[Round "6"]
[White "Nataf, Igor-Alexandre"]
[Black "Nogueiras Santiago, Jesus"]
[Result "1/2-1/2"]
[WhiteElo "2552"]
[BlackElo "2557"]
[EventDate "2001.05.05"]
[PlyCount "22"]

1.e4 e6 2.d4 d5 3.Nc3 Nf6 4.Bg5 dxe4 5.Nxe4 Be7 6.Bxf6 Bxf6 7.Nf3 O-O 8.
Qd2 Be7 9.Bc4 Nd7 10.O-O-O Nf6 11.Rhe1 Nxe4 1/2-1/2

[Event "36th Capablanca Memorial"]
[Site "Havana CUB"]
[Date "2001.05.12"]
[Round "7"]
[White "Stefansson, Hannes Hlifar"]
[Black "Hauchard, Arnaud"]
[Result "1-0"]
[WhiteElo "2570"]
[BlackElo "2526"]
[EventDate "2001.05.05"]
[PlyCount "135"]

1.e4 e5 2.Nf3 Nc6 3.Bb5 a6 4.Ba4 Nf6 5.O-O Be7 6.Re1 b5 7.Bb3 d6 8.c3 O-O 
9.h3 Na5 10.Bc2 c5 11.d4 Qc7 12.Nbd2 Rd8 13.a3 cxd4 14.cxd4 Bd7 15.b4 Rac8
16.Ra2 Nc4 17.Bb3 Nxd2 18.Bxd2 h6 19.Rc2 Qb8 20.Rxc8 Bxc8 21.Qa1 Nd7 22.
Bc3 Bf6 23.Rd1 Re8 24.Qa2 Re7 25.dxe5 dxe5 26.a4 Qc7 27.Bb2 Bb7 28.axb5 
axb5 29.Nh2 Bxe4 30.Ng4 h5 31.Nxf6+ Nxf6 32.Qa6 Qb7 33.Qxb7 Bxb7 34.Rd6 
Ne4 35.Rd8+ Kh7 36.Bc2 g6 37.f4 f6 38.fxe5 fxe5 39.Bd3 Bc6 40.Rc8 Re6 41.
Bxe5 Rxe5 42.Rxc6 Kg7 43.Rb6 Nc3 44.Rxg6+ Kf7 45.Rb6 Kg7 46.Kf2 Na2 47.
Bxb5 Nxb4 48.Bc4 Nd5 49.Rb5 Rf5+ 50.Kg3 Ne3 51.Rb7+ Kh6 52.Bd3 Rg5+ 53.Kf3
Nf5 54.Kf4 Rxg2 55.Bxf5 Rf2+ 56.Ke5 Kg5 57.Rg7+ Kh4 58.Kf6 Rf4 59.Ra7 Rb4 
60.Ra5 Rb6+ 61.Be6 Rb4 62.Kg6 Kg3 63.Rxh5 Rb6 64.Kf6 Ra6 65.Rh8 Rb6 66.h4 
Rb4 67.h5 Kh4 68.h6 1-0

[Event "36th Capablanca Memorial"]
[Site "Havana CUB"]
[Date "2001.05.14"]
[Round "8"]
[White "Abreu, Aryam"]
[Black "Arencibia Rodriguez, Walter"]
[Result "1/2-1/2"]
[WhiteElo "2480"]
[BlackElo "2543"]
[EventDate "2001.05.05"]
[PlyCount "64"]

1.e4 g6 2.d4 Bg7 3.Nf3 d6 4.Nc3 c6 5.Be3 Qb6 6.Rb1 Bg4 7.Be2 Nd7 8.O-O Qc7
9.a4 Ngf6 10.Nd2 Bxe2 11.Qxe2 e6 12.f4 O-O 13.e5 Nd5 14.Nxd5 cxd5 15.c4 
dxe5 16.dxe5 Nb6 17.Rfc1 Qd7 18.a5 Nxc4 19.Nxc4 dxc4 20.Rxc4 Qb5 21.b4 
Rfd8 22.Rbc1 Bf8 23.Qf2 Rd1+ 24.Rxd1 Qxc4 25.Bc5 Bxc5 26.Qxc5 Qxc5+ 27.
bxc5 Rc8 28.a6 bxa6 29.Rc1 Kf8 30.Kf2 Ke8 31.Ke3 Kd7 32.Kd4 Kc6 1/2-1/2

[Event "36th Capablanca Memorial"]
[Site "Havana CUB"]
[Date "2001.05.15"]
[Round "9"]
[White "Arencibia Rodriguez, Walter"]
[Black "Hauchard, Arnaud"]
[Result "0-1"]
[WhiteElo "2543"]
[BlackElo "2526"]
[EventDate "2001.05.05"]
[PlyCount "88"]

1.g3 d5 2.Bg2 e5 3.c4 c6 4.cxd5 cxd5 5.d4 e4 6.Nc3 Nc6 7.f3 exf3 8.Nxf3 
Bb4 9.O-O Nge7 10.Ng5 f6 11.Nh3 Be6 12.Nf4 Bf7 13.e3 O-O 14.Bd2 Bxc3 15.
Bxc3 Qd6 16.Qb3 b6 17.Rac1 Rfd8 18.Bd2 Rac8 19.Qa4 Ng6 20.Ne2 Be6 21.Rc3 
Rc7 22.a3 Rdc8 23.Qa6 Nb8 24.Qd3 Rxc3 25.Nxc3 Ne7 26.e4 Nbc6 27.exd5 Nxd5 
28.Be4 h6 29.Bxh6 Nxc3 30.bxc3 Ne7 31.Bf4 Qxa3 32.d5 Nxd5 33.Bd2 Qc5+ 34.
Kh1 Ne7 35.Ra1 Rc7 36.Be3 Qxc3 37.Rd1 Qxd3 38.Rxd3 Rd7 39.Rxd7 Bxd7 40.Kg1
Bc6 41.Bd3 Bd5 42.Kf2 Nc6 43.Bb5 Ne5 44.Bd4 Nf3 0-1

[Event "36th Capablanca Memorial"]
[Site "Havana CUB"]
[Date "2001.05.15"]
[Round "9"]
[White "Nogueiras Santiago, Jesus"]
[Black "Luther, Thomas"]
[Result "1/2-1/2"]
[WhiteElo "2557"]
[BlackElo "2568"]
[EventDate "2001.05.05"]
[PlyCount "25"]

1.Nf3 d5 2.d4 Nf6 3.c4 c6 4.Nc3 a6 5.c5 Bf5 6.Bf4 Nbd7 7.e3 e6 8.Be2 Be7 
9.Nd2 Bg6 10.b4 O-O 11.O-O Re8 12.Bg3 Bf8 13.f4 1/2-1/2

[Event "36th Capablanca Memorial"]
[Site "Havana CUB"]
[Date "2001.05.16"]
[Round "10"]
[White "Abreu, Aryam"]
[Black "Nogueiras Santiago, Jesus"]
[Result "1-0"]
[WhiteElo "2480"]
[BlackElo "2557"]
[EventDate "2001.05.05"]
[PlyCount "69"]

1.e4 e6 2.d4 d5 3.Nc3 Nf6 4.Bg5 dxe4 5.Nxe4 Be7 6.Bxf6 Bxf6 7.Nf3 O-O 8.
Qd2 Be7 9.Bd3 Nd7 10.O-O-O c5 11.Nxc5 Nxc5 12.dxc5 Qd5 13.Kb1 Qxc5 14.Rhe1
Rd8 15.Qf4 Bf6 16.g4 Qb6 17.Ne5 Bd7 18.g5 Bxe5 19.Rxe5 Be8 20.h4 Rac8 21.
Rde1 Rd4 22.R5e4 Rxe4 23.Qxe4 g6 24.f4 Rd8 25.h5 Bc6 26.Qe2 Qd4 27.Rf1 
gxh5 28.Re1 Qg7 29.Qxh5 Rd4 30.Qh2 Rd8 31.a3 a6 32.Re5 Rd5 33.Re3 Bb5 34.
c4 Qd4 35.Qe2 1-0

[Event "36th Capablanca Memorial"]
[Site "Havana CUB"]
[Date "2001.05.17"]
[Round "11"]
[White "Arencibia Rodriguez, Walter"]
[Black "Stefansson, Hannes Hlifar"]
[Result "1/2-1/2"]
[WhiteElo "2543"]
[BlackElo "2570"]
[EventDate "2001.05.05"]
[PlyCount "43"]

1.Nf3 Nf6 2.c4 e6 3.g3 d5 4.Bg2 Be7 5.O-O O-O 6.d4 dxc4 7.Qc2 a6 8.Qxc4 b5
9.Qc2 Bb7 10.Bf4 Nd5 11.Nc3 Nxf4 12.gxf4 Nd7 13.Rfd1 Rc8 14.d5 exd5 15.
Nxd5 c6 16.Nxe7+ Qxe7 17.Nd4 g6 18.Rac1 Rc7 19.Qe4 Qxe4 20.Bxe4 Re8 21.Bg2
c5 22.e3 1/2-1/2

[Event "36th Capablanca Memorial"]
[Site "Havana CUB"]
[Date "2001.05.17"]
[Round "11"]
[White "Nataf, Igor-Alexandre"]
[Black "Luther, Thomas"]
[Result "1/2-1/2"]
[WhiteElo "2552"]
[BlackElo "2568"]
[EventDate "2001.05.05"]
[PlyCount "39"]

1.e4 e6 2.d4 d5 3.exd5 exd5 4.Nf3 Nf6 5.Bd3 Bd6 6.O-O O-O 7.Bg5 Bg4 8.Nbd2
Nbd7 9.c4 dxc4 10.Nxc4 Re8 11.Nxd6 cxd6 12.Qb3 Bxf3 13.gxf3 h6 14.Bh4 Qa5 
15.Bg3 Nf8 16.Qxb7 Ne6 17.Qb5 Qd8 18.Qa4 Rc8 19.Rfc1 Qb6 20.Rc4 1/2-1/2

[Event "36th Capablanca Memorial"]
[Site "Havana CUB"]
[Date "2001.05.18"]
[Round "12"]
[White "Abreu, Aryam"]
[Black "Nataf, Igor-Alexandre"]
[Result "1/2-1/2"]
[WhiteElo "2480"]
[BlackElo "2552"]
[EventDate "2001.05.05"]
[PlyCount "109"]

1.e4 c5 2.Nf3 Nc6 3.d4 cxd4 4.Nxd4 e5 5.Nb5 d6 6.N1c3 a6 7.Na3 b5 8.Nd5 
Nce7 9.c4 Nxd5 10.exd5 bxc4 11.Nxc4 Nf6 12.Be3 Rb8 13.a4 Ng4 14.Bd2 Qf6 
15.f3 Nh6 16.Bd3 Qh4+ 17.g3 Qd4 18.Be3 Qxd5 19.O-O Bf5 20.Be2 Qxd1 21.
Rfxd1 Be6 22.Nxd6+ Bxd6 23.Rxd6 Nf5 24.Rb6 O-O 25.Bc5 Nd4 26.Bxd4 exd4 27.
a5 Rxb6 28.axb6 Rb8 29.Rxa6 g6 30.Bd3 Kg7 31.Be4 d3 32.b7 Bf5 33.Bxf5 gxf5
34.Rb6 d2 35.Rd6 Rxb7 36.Rxd2 f4 37.gxf4 Kf6 38.Kf2 Kf5 39.Kg3 Rb6 40.Rc2 
Rg6+ 41.Kf2 Rb6 42.h3 Rb3 43.Kg3 Rb6 44.h4 h5 45.Rc8 Rg6+ 46.Kf2 Rb6 47.
Rc2 Rb3 48.Kg3 Rb6 49.Rc5+ Kg6 50.Rg5+ Kh6 51.f5 Rxb2 52.Kf4 Rb4+ 53.Kg3 
Rb3 54.Kf4 Rb4+ 55.Kg3 1/2-1/2